000 00544nam a2200181Ia 4500
001 20585
005 20260306172816.0
008 260306t2017||||xx |||||||||||||| ||spa||
041 _aESP
082 _a343.4
_bP97
100 _aPuntriano Rosas, César; López Flores, Luciano
_eAUT
245 0 _aPor qué fracasan los procesos de amparo:
_bel uso adecuado de las vias previas y especificas relacionadas con el amparo
260 _c2017
300 _a207 páginas :
_c23 cm.
650 _aGEN
654 _aCDE
942 _cLIB
_dJUS
_fJUS
_2ddc
_n
999 _c20585
_d20585